00437nam a2200157Ia 4500008004100000040001900041041001200060082002400072100002000096245006100116260002500177300001900202504001900221650002100240850001800261131103s9999 xx 000 0 und d aLoreto College aEnglish a613/HOLbLCBED/1779 aHolmes, Alan C. aHealth education in developing countriescAlan C. Holmes aLondonbNelsonc1964 a190p. c 20cm. aIncludes index aHealth & hygiene aLCBED/613/HOL